| 000 | 01292naa a22003497a 4500 | ||
|---|---|---|---|
| 001 | BR8801228 | ||
| 003 | BR-BrBNA | ||
| 005 | 20240918175950.0 | ||
| 007 | ta | ||
| 008 | 230509b bl.||||| |||| 00| 0 por d | ||
| 040 |
_aBR-BrBNA _bpor _cBiblioteca Nacional de Agricultura |
||
| 041 | _a(Pt) | ||
| 072 |
_aF04 _b0120 _b3851 |
||
| 090 | _aF04 BR8801228 | ||
| 100 | 1 | _aPons, A.L. | |
| 100 | 1 | _aNuss, C.N. | |
| 100 | 1 | _aSechin, J. | |
| 100 | 1 | _aMachado, L.C. | |
| 111 | 1 |
_a30. Reuniao Tecnica Anual do Milho _cPorto Alegre, RS (Brazil) _d6 Aug 1985 |
|
| 245 | 1 | _aEfeito do esterco de aves e do adubo inorganico sobre o rendimento de graos de milho -1984/85 | |
| 246 | 1 | _a[Effect of farmyard manure and fertilizers over maize grain yield - 1984/85] | |
| 246 | 1 | _a[Proceedings of the 30th Maize Technical Annual Reunion] | |
| 260 | 3 |
_aPorto Alegre, RS (Brasil): _c1985. |
|
| 500 | _aAta da 30. Reuniao Tecnica Anual do Milho Porto Alegre, RS (Brasil): 1985. p. 116-118 (BR8801228-AM)F04 | ||
| 650 | _aMILHO | ||
| 650 | _aADUBACAO | ||
| 650 | _aESTERCO DE GALINHA | ||
| 650 | _aFERTILIZANTE | ||
| 773 | 0 |
_tAta da 30. Reuniao Tecnica Anual do Milho _wF04 BR8801228 _gPorto Alegre, RS (Brasil), 1985. p. 116-118 |
|
| 909 |
_a202404 _bLucia _c55 _dLucia Elande |
||
| 942 |
_cAM _2AGRIS |
||
| 999 |
_c319014 _d319014 |
||